Lead On (Record no. 6360)

MARC details
000 -LEADER
fixed length control field 00609nam a2200241 a 4500
020 ## - INTERNATIONAL STANDARD BOOK NUMBER
ISBN 0849943
082 00 - DEWEY DECIMAL CLASSIFICATION NUMBER
Classification number 253
Author Cutter HAG
100 ## - MAIN ENTRY--AUTHOR NAME
Author name Haggai, John
245 ## - TITLE STATEMENT
Title Lead On
Sub title Leadership: That Endures in a Changing World
260 ## - PUBLICATION, DISTRIBUTION, ETC. (IMPRINT)
Place of publication USA
Name of publisher Word Book
Year of publication 1986
300 ## - PHYSICAL DESCRIPTION
Number of Pages 208p
500 ## - GENERAL NOTE
General note includes index and biblioraphy
505 2# - FORMATTED CONTENTS NOTE
Formatted contents note Index, Bibliography
650 ## - SUBJECT ADDED ENTRY--TOPICAL TERM
Topical Term Pastoral Theology
942 ## - ADDED ENTRY ELEMENTS (KOHA)
Koha item type Books
700 1# -
-- Haggai, John
Holdings
Collection code Home library Current library Date acquired Cost, normal purchase price Full call number Accession Number Koha item type
  Henry Martyn Institute Library Henry Martyn Institute Library 12/13/2007 10.00 253 HAG 013670 Books
                   Copyright © 2026 | Henry Martyn Institute | Hyderabad | TS-500052 | INDIA | Implemented by hmi.edu.in
Hit-Count:

Powered by Koha